| 000 | 00930nam a22002055i 4500 | ||
|---|---|---|---|
| 001 | 157844 | ||
| 003 | ES-MaACL | ||
| 005 | 20260127062550.0 | ||
| 008 | 040824s1894 sp |||| | spa d | ||
| 040 |
_aCAM _bspa _cCAM |
||
| 100 | 1 |
_aLlanos y Torriglia, Félix de, _d1868-1949 _972719 |
|
| 245 | 1 | 0 |
_aDe los delitos antisociales _b: memoria leída en la Real Academia de Jurisprudencia y Legislación / _cFélix de Llanos y Torriglia. |
| 260 |
_aMadrid : _b[s.n.], _c1894 ( _fTipografía de los Hijos de M.G. Hernández) |
||
| 300 |
_a24 p. ; _c23 cm. |
||
| 610 | 2 |
_aReal Academia de Jurisprudencia y Legislación de España- _vMemorias. _9150092 |
|
| 651 | 4 |
_aEspaña- _xSituación social- _vFuentes. _9222861 |
|
| 700 |
_aReal Academia de Jurisprudencia y Legislación de España _9217612 |
||
| 852 |
_aES-MaACL _jT-691-F-5 _z-- Enc. hol., conservando la cub. original _z-- Enc. en un vol. facticio |
||
| 999 |
_c157844 _d157844 |
||